00421nam a22001577a 4500003000700000005001700007008004100024082001700065100004400082245004500126250001100171260004300182300000800225490002500233650000500258MPLRDC20220104142839.0210129b ||||| |||| 00| 0 eng d a494.07 XDQG  a现代企业经营管理公司编辑部 a现代督导. 领班人员实务讲座c a再版 ab现代企业经营管理公司c1974 b平 a现代企业选书;9 a